Expressions Anglaises : III.3. Religion and ethics - Statistiques

Statistiques générales
  • Ce quiz a été pris 28 fois
  • Le résultat moyen est 22 sur 25
Statistiques - réponses
Hint Réponse % Correct
to perform miracles accomplir des miracles
100%
the Church of England l'église anglicane
100%
vice and virtue le vice et la vertu
100%
to stick to one's principles rester fidèle à ses principes
100%
to attend mass assister à la messe
95%
to confess (to) a crime avouer un délit
95%
God bless you Dieu te/vous bénisse
95%
to go to church aller à l'église, à la messe
91%
to feel remorse avoir des remords
91%
high moral standards des critères moraux très stricts
91%
Thank God! Dieu merci
91%
to say one's prayers dire/faire ses prières
91%
God willing... si Dieu le veut
91%
a fallen angel un ange déchu
91%
a heinous crime un crime abominable
91%
a patron saint un saint patron
91%
doomed to failure voué à l'échec
91%
to do good / harm faire le bien / le mal
86%
to do something out of malice faire qqch par malveillance
86%
Good versus Evil le Bien contre le Mal
86%
to cast a spell jeter un sort
82%
to take an oath prêter serment
82%
Talk of the devil! Quand on parle du loup...
77%
to have loose morals être d'une moralité relâchée
73%
for God's sake pour l'amour du ciel
68%
Aucun quiz correspondant
Distribution des résultats
% des personnes avec chaque résultat
Percentile par nombre de réponses
Votre historique - résultats
Vous n’avez pas pris ce quiz